00864cam a22002411 45000010005000000030008000050050017000130080041000300350018000710350018000890400046001070410008001530820016001611000049001772450065002262600057002913000031003485040030003796510044004099420012004539990015004659520142004807079BD-RjUL20211208234348.0140113s1949 mnuf b 000 0 eng d a(BD-RjUL)7121 a(OCoLC)690965 aDLCcOAkUdOCoLCdUkdDLCd(BD-RjUL)beng aeng a342.71bDAD1 aDawson, Robert MacGregor,d1895-1958.91496610aDemocratic government in Canada /cDawson, Robert MacGregor, aMinneapolis,bUniversity of Minnesota Pressc[c1949] a188 p. :bplates ;c24 cm. aBibliography: p. 183-184. 0aCanadaxPolitics and government.922175 2ddccBK c7079d7079 00102ddc40718NFICaRUCLbRUCLcreadingd1962-04-09eAsia Fundation Giftl0o342.71 DAD 1949r2014-01-13 00:00:00tC-1w2014-01-13yBK